Bloc de notes [Objecte] / Diputació de Barcelona. Xarxa de Municipis
Descripción Física:
30 cm
MARC
| LEADER | 00000nam a2200000Ia 4500 | ||
|---|---|---|---|
| 001 | 20782 | ||
| 008 | 160829s2007] xx 000 0 cat d | ||
| 080 | |a NBM-1-22 | ||
| 110 | 1 | |a Barcelona (Catalunya : Província). |b Diputació |9 52408 | |
| 245 | |a Bloc de notes [Objecte] / Diputació de Barcelona. Xarxa de Municipis | ||
| 260 | |a [Barcelona : |b la Diputació, |c 2007] | ||
| 300 | |a 30 cm | ||
| 590 | |a Bloc de notes corporatiu en DIN A4 | ||
| 901 | |a Arxiu | ||
| 942 | |n 1 | ||
| 952 | |0 0 |1 0 |4 0 |6 NBM122 |7 1 |9 52597 |a Arxiu |b Arxiu |d 2016-12-01 |l 0 |o NBM-1-22 |p 20782 |r 2016-12-01 00:00:00 |w 2016-12-01 |y ARXIU | ||
| 999 | |c 56446 |d 56446 | ||